[Event "ROM-ch U12 Boys"]
[Site "Voineasa"]
[Date "2008.04.16"]
[Round "7"]
[White "Ciobanu, Andrei"]
[Black "Radu, Adrian Costin"]
[Result "1-0"]
[WhiteElo "548"]
[BlackElo "625"]
[PlyCount "79"]
[EventDate "2008.04.08"]
[EventType "swiss"]
[EventRounds "9"]
[EventCountry "ROU"]
[SourceTitle "EXT 2013"]
[Source "ChessBase"]
[SourceDate "2012.11.22"]
[SourceVersion "1"]
[SourceVersionDate "2012.11.22"]
[SourceQuality "1"]

1. e4 e5 2. Nf3 Nc6 3. Bc4 Bc5 4. c3 Nf6 5. d4 exd4 6. cxd4 Bb4+ 7. Nc3 Nxe4 8. 0-0 Bxc3 9. d5 Ne7 10. bxc3 d6 11. Qd4 Nf6 12. Bg5 Nh5 13. Bxe7 Kxe7 14. Qh4+ Nf6 15. Rfe1+ Kf8 16. Bb5 Bd7 17. Bxd7 Qxd7 18. c4 Qg4 19. Qxg4 Nxg4 20. Re2 Re8 21. Rae1 Rxe2 22. Rxe2 f6 23. Nd4 Kf7 24. f4 a6 25. h3 Nh6 26. g4 g5 27. fxg5 fxg5 28. Ne6 Kg6 29. Nxc7 Nf7 30. Re6+ Kg7 31. Ne8+ Kf8 32. Nxd6 Nxd6 33. Rxd6 Ke7 34. Rb6 Rb8 35. Kf2 Kd7 36. Ke3 Kc7 37. Rh6 b5 38. Rxh7+ Kd6 39. Rh6+ Ke5 40. Re6# 1-0

[Event "ROM-ch U12 Boys"]
[Site "Voineasa"]
[Date "2008.04.14"]
[Round "4"]
[White "Ciobanu, Andrei"]
[Black "Bercaru, Remus Claudiu"]
[Result "1-0"]
[WhiteElo "548"]
[BlackElo "672"]
[PlyCount "71"]
[EventDate "2008.04.08"]
[EventType "swiss"]
[EventRounds "9"]
[EventCountry "ROU"]
[SourceTitle "EXT 2013"]
[Source "ChessBase"]
[SourceDate "2012.11.22"]
[SourceVersion "1"]
[SourceVersionDate "2012.11.22"]
[SourceQuality "1"]

1. e4 c5 2. Nf3 Nc6 3. Bc4 g6 4. c3 e6 5. d4 d5 6. exd5 exd5 7. Bb5 Bd7 8. 0-0 a6 9. Bxc6 Bxc6 10. dxc5 Bxc5 11. Bg5 Qb6 12. Qd2 Ne7 13. Bf6 Rg8 14. Re1 d4 15. Bxe7 Bxe7 16. Qe2 0-0-0 17. Qxe7 Bxf3 18. Qxf7 Qxb2 19. Na3 Bd5 20. Qe7 Qxc3 21. Rec1 Qxc1+ 22. Rxc1+ Kb8 23. Rb1 a5 24. Nc4 Rge8 25. Qxh7 Rh8 26. Qg7 Rhg8 27. Qe5+ Ka7 28. Qxd4+ Kb8 29. Qe5+ Ka7 30. Nxa5 Rge8 31. Qb2 Rd7 32. Qb5 Rde7 33. h3 Re1+ 34. Rxe1 Rxe1+ 35. Kh2 Rd1 36. Nxb7 1-0